000 00360cam a2200145ua 4500
041 _aeng
_h
082 _a823.308
_bCHR/DE
100 _aChristie, Agatha .
245 _aDead man`s folly /
_cAgatha Christie.
_hTextual Documents
260 _aNew York :
_bPocket Books, INC ,
_c1956.
300 _a178 ; .
504 _a
942 _cBK
999 _c5173
_d5173